=LDR 00000nam 2200000 4500 =001 INLIS000000000004036 =005 20130612092326 =008 ***********************************Ind** =035 ##$$0010-061300000004036 =041 ##$$a Ind =082 ##$$a 808.6 =090 ##$$a 808.6, Wij p =100 ##$$a Wijaya, Thomas =245 ##$$a Pola dasarpenyusunan surat-surat resmi, oleh Drs.Thomas Wijaya =260 ##$$a 1992 $b Jakarta =300 ##$$a viii, 335 hlm, 21 cm =650 ##$$a Kepengaarangn =650 ##$$a Penulisan surat =850 ##$$a NBPNMAT